000 00727nam a2200229 i 4500
001 bg
100 1 _aJAKEMAN, Vanessa
245 1 0 _aBEC preliminary practice tests :
_bfour tests for the Cambridge Business English Certificate : lower intermediate with answers /
_cVanessa Jakeman, Russell Whitehead.
260 _aOxford :
_bOxford University Press,
_c2002.
300 _a126 s. ;
_c28 cm +
_e2 kasety dźw.
650 9 _aEgzaminy
650 9 _aJęzyk angielski
655 _aPodręczniki
700 1 _aWHITEHEAD, Russel
020 _a019453183X
040 _cBPK
041 0 _aen
080 _a811.111(07):371.279.6+378.244
920 _a0-19-453183-X
942 _cKS
008 s pl f |000 0 pol
999 _c41877
_d41877
856 _uhttp://koha.tu.koszalin.pl/cgi-bin/koha/opac-detail.pl?biblionumber=41877
_yKatalog online BPK